Pour des approches renouvelées des dieux romains

Dans le sillage du colloque que nous avons coorganisé en septembre 2021 sur les Petits dieux des Romains et leurs voisins, nous avons souhaité poursuivre les réflexions méthodologiques sur les divinités romaines, en intégrant les recherches en cours menées par de jeunes chercheur.e.s. Nous avons ain...

Full description

Saved in:  
Bibliographic Details
Authors: Prescendi, Francesca 1967- (Author) ; Haeperen, Françoise van 1973- (Author)
Format: Electronic Article
Language:French
Check availability: HBZ Gateway
Interlibrary Loan:Interlibrary Loan for the Fachinformationsdienste (Specialized Information Services in Germany)
Published: 2024
In: Mythos
Year: 2024, Volume: 18, Pages: 1-6
Online Access: Volltext (kostenfrei)
Volltext (kostenfrei)

MARC

LEADER 00000naa a22000002c 4500
001 1916021158
003 DE-627
005 20250130121323.0
007 cr uuu---uuuuu
008 250130s2024 xx |||||o 00| ||fre c
024 7 |a 10.4000/12hz2  |2 doi 
035 |a (DE-627)1916021158 
035 |a (DE-599)KXP1916021158 
040 |a DE-627  |b ger  |c DE-627  |e rda 
041 |a fre 
084 |a 0  |2 ssgn 
100 1 |e VerfasserIn  |0 (DE-588)12138201X  |0 (DE-627)08127095X  |0 (DE-576)181692961  |4 aut  |a Prescendi, Francesca  |d 1967- 
109 |a Prescendi, Francesca 1967-  |a Prescendi Morresi, Francesca 1967-  |a Morresi, Francesca Prescendi 1967- 
245 1 0 |a Pour des approches renouvelées des dieux romains 
264 1 |c 2024 
336 |a Text  |b txt  |2 rdacontent 
337 |a Computermedien  |b c  |2 rdamedia 
338 |a Online-Ressource  |b cr  |2 rdacarrier 
520 |a Dans le sillage du colloque que nous avons coorganisé en septembre 2021 sur les Petits dieux des Romains et leurs voisins, nous avons souhaité poursuivre les réflexions méthodologiques sur les divinités romaines, en intégrant les recherches en cours menées par de jeunes chercheur.e.s. Nous avons ainsi, avec plusieurs autres collègues, organisé deux rencontres qui leur étaient prioritairement destinées. Bienvenus après les mois d’isolement dus à la pandémie, ces ateliers avaient une visée péda... 
700 1 |e VerfasserIn  |0 (DE-588)124632270  |0 (DE-627)362893748  |0 (DE-576)294421939  |4 aut  |a Haeperen, Françoise van  |d 1973- 
773 0 8 |i Enthalten in  |a Università degli studi di Palermo. Dipartimento culture e società  |t Mythos  |d Caltanissetta : Salvatore Sciascia EDITORE, 2016  |g 18(2024), Seite 1-6  |h Online-Ressource  |w (DE-627)1689949376  |w (DE-600)3008296-1  |x 2037-7746  |7 nnas 
773 1 8 |g volume:18  |g year:2024  |g pages:1-6 
856 |u http://journals.openedition.org/mythos/pdf/6712  |x unpaywall  |z Vermutlich kostenfreier Zugang  |h publisher [deprecated] 
856 4 0 |u http://journals.openedition.org/mythos/6712  |x Verlag  |z kostenfrei  |3 Volltext  |7 0 
856 4 0 |u https://doi.org/10.4000/12hz2  |x Resolving-System  |z kostenfrei  |3 Volltext  |7 0 
951 |a AR 
ELC |a 1 
LOK |0 000 xxxxxcx a22 zn 4500 
LOK |0 001 4659340724 
LOK |0 003 DE-627 
LOK |0 004 1916021158 
LOK |0 005 20250130115050 
LOK |0 008 250130||||||||||||||||ger||||||| 
LOK |0 040   |a DE-Tue135  |c DE-627  |d DE-Tue135 
LOK |0 092   |o n 
LOK |0 852   |a DE-Tue135 
LOK |0 852 1  |9 00 
LOK |0 935   |a ixzs  |a ixzo 
LOK |0 939   |a 30-01-25  |b l01 
OAS |a 1 
ORI |a SA-MARC-ixtheoa001.raw 
REL |a 1 
SUB |a REL